Normal view
MARC view
- Brown, Peter G
Entry Personal Name
001 - CONTROL NUMBER
- control field: 133475
003 - CONTROL NUMBER IDENTIFIER
- control field: NUST
005 - DATE AND TIME OF LATEST TRANSACTION
- control field: 20260226120156.0
008 - FIXED-LENGTH DATA ELEMENTS
- fixed length control field: 260226|| aca||aabn | a|a d
040 ## - CATALOGING SOURCE
- Original cataloging agency: NUST
- Transcribing agency: NUST
100 ## - HEADING--PERSONAL NAME
- Personal name: Brown, Peter G
670 ## - SOURCE DATA FOUND
- Source citation: Work cat.: (NUST): Brown, Peter G. , Water Ethics Foundational Readings for Students and Professionals /, 2010.
